The Agency Raga / (Record no. 154032)

MARC details
000 -LEADER
fixed length control field 00553nam a22002177a 4500
005 - DATE AND TIME OF LATEST TRANSACTION
control field 20180714130702.0
008 - FIXED-LENGTH DATA ELEMENTS--GENERAL INFORMATION
fixed length control field 180714b xxu||||| |||| 00| 0 eng d
010 ## - LCCN (DPL NO)
LC control number A-708665
020 ## - INTERNATIONAL STANDARD BOOK NUMBER
International Standard Book Number 8125002421
035 ## - SYSTEM CONTROL NUMBER
System control number A-708665
037 ## - SOURCE OF ACQUISITION
Source of stock number/acquisition BPPD/PUB
040 ## - CATALOGING SOURCE
Original cataloging agency DPL
Language of cataloging Eng
082 ## - DEWEY DECIMAL CLASSIFICATION NUMBER
Classification number N
100 ## - MAIN ENTRY--PERSONAL NAME
Personal name Basu, Anjana
9 (RLIN) 48382
245 ## - TITLE STATEMENT
Title The Agency Raga /
Statement of responsibility, etc by Anjana Basu
260 ## - PUBLICATION, DISTRIBUTION, ETC. (IMPRINT)
Place of publication, distribution, etc Delhi
Name of publisher, distributor, etc Disha Books.
270 ## - ADDRESS
Address Orient Longman Ltd.
City Culcutta
Postal code 700072
300 ## - PHYSICAL DESCRIPTION
Extent 132p.
Dimensions 22cm(hb)
500 ## - GENERAL NOTE
General note Glossary
942 ## - ADDED ENTRY ELEMENTS (KOHA)
Source of classification or shelving scheme Dewey Decimal Classification
Item type English Books
Classification part N
Call number suffix BAS
Holdings
Withdrawn status Lost status Source of classification or shelving scheme Damaged status Not for loan Collection code Home library Current library Date acquired Source of acquisition Cost, normal purchase price Total Checkouts Full call number Barcode Date last seen Cost, replacement price Koha item type
    Dewey Decimal Classification     Fiction Shahdara Branch Shahdara Branch 14/07/2018 BBPD/PUB 0.00   N BAS A-708665 14/07/2018 0.00 English Books

© Delhi Public Library
Hit Counter
free hit counter